Guidelines for the Assessment and Planning of Esuarine Barrages / (Record no. 1580)

000 -LEADER
fixed length control field 00303 a2200097 4500
082 ## - DEWEY DECIMAL CLASSIFICATION NUMBER
Classification number 627.123 BUR
100 ## - MAIN ENTRY--PERSONAL NAME
Personal name Burt,Neville
245 ## - TITLE STATEMENT
Title Guidelines for the Assessment and Planning of Esuarine Barrages /
Statement of responsibility, etc. edited by Neville Burt
260 ## - PUBLICATION, DISTRIBUTION, ETC.
Place of publication, distribution, etc. London :
Date of publication, distribution, etc. Thomas Telford,
Name of publisher, distributor, etc. 2001
300 ## - PHYSICAL DESCRIPTION
Extent 483p. :
Other physical details ill . ;
Dimensions 25cm
650 ## - SUBJECT ADDED ENTRY--TOPICAL TERM
Topical term or geographic name entry element hydraulics
Holdings
Withdrawn status Lost status Damaged status Not for loan Permanent Location Current Location Shelving location Date acquired Total Checkouts Full call number Barcode Date last seen Date last checked out Price effective from Koha item type
        School of Civil and Environmental Engineering (SCEE) School of Civil and Environmental Engineering (SCEE)     1 627.123 BUR NIT-572 11/14/2019 10/17/2019 01/05/2017 Book
© 2023 Central Library, National University of Sciences and Technology. All Rights Reserved.